01103nam a2200229 a 450000100100000000500170001000800410002704000250006808200210009310000480011424500700016225000110023226000340024330000210027750000320029850503620033065000170069265000220070965000300073165000330076171000790079400003906720260420170825.0130520s1996 dr r 000 0 spa d aDO-SdBNPbspacBNPHU a301bM385n, 19961 aMartínez Almanzar, Juan Franciscod1950 -10aNociones de sociología /cJuan Francisco Martínez Almánzar. a3a ed. aSanto Domingo :bCAIS,c1996. a244 p. ;c22 cm. aBibliografía : p. 241-2440 aCiencia y conocimiento - La sociedad - La sociología - La cultura y las pautas culturales - Los grupos sociales - La religión - El comportamiento colectivo - La familia, el matrimonio y el divorcio - Sociología jurídica - Los procesos electorales y las farsas - La constitución y las reformas - Métodos, teoría y técnica de investigación - 0aSociología 0aCiencias sociales 0a Ciencia -xMetodología 0aJurisprudencia sociológica22aCentro de Adiestramiento e Investigación Social (República Dominicana)